000 00379nam a22001337a 4500
020 _qHB.
040 _cFIZZA ISHAQ
082 _a320.904
_bABB
100 _aGLEASON,ABBOTT.
_9133767
245 _aTOTALITARIANISM THE INNER HISTORY OF THE COLD WAR /
_cABBOTT GLEASON.
260 _aNEW YORK ;
_bOXFORD UNIVERSITY PRESS,
_c1995.
300 _a307 P. ;
_c9.9X6.5IN
942 _2ddc
_cBK
999 _c616646
_d616646